Country Borders Between Continents - Statistics

General Stats
  • This quiz has been taken 717 times
    690 since last reset
  • The average score is 9 of 10
Answer Stats
Country % Correct
Russia
97%
Egypt
96%
Panama
94%
Indonesia
91%
Colombia
89%
Israel
87%
Papua New Guinea
87%
Georgia
82%
Azerbaijan
77%
Kazakhstan
71%
No matching quizzes found
Score Distribution
Percent of People with Each Score
Percentile by Number Answered
Your Score History
You have not taken this quiz since the last reset